අභිලේඛනා වෙළුම I : යාපනය සහ වන්නි කලාපයේ අභිලේඛනවලින් හෙළිවන සමාජය /
Abhilekana veluma I
Saved in:
| Format: | Book |
|---|---|
| Published: |
කොළඹ :
බෞද්ධාලෝක පදනම,
2025.
|
| Tags: |
Add Tag
No Tags, Be the first to tag this record!
|
MARC
| LEADER | 00000nam a2200000 4500 | ||
|---|---|---|---|
| 003 | LK-CoNLD | ||
| 005 | 20251215144357.0 | ||
| 008 | 251215b |||||||| |||| 00| 0 ||| d | ||
| 015 | |2 slnb | ||
| 017 | |b LK-CoDNA | ||
| 020 | |a 9786245488155 | ||
| 040 | |a LK-CoNLD |b SIN |c LK-CoNLD |d LK-CoNLD | ||
| 082 | |2 23 |q LK-CoNLD | ||
| 245 | |6 880-1 |a අභිලේඛනා වෙළුම I : |b යාපනය සහ වන්නි කලාපයේ අභිලේඛනවලින් හෙළිවන සමාජය / |c සංස්කරණය ඉන්දික විතානගේ, ඉෂංක මල්සිරි සහ චන්දිම අඹන්විල. | ||
| 260 | |a කොළඹ : |b බෞද්ධාලෝක පදනම, |c 2025. | ||
| 300 | |a පි. 87 :ඡායාරූප ; | ||
| 880 | |6 245-1 |a Abhilekana veluma I | ||
| 942 | |c BOOK | ||
| 999 | |c 295527 |d 295527 | ||
| 945 | |a 21055 |b M. G. D. NAWODA |c 21055 |d M. G. D. NAWODA | ||